Normal view
MARC view
- فلسطين- تاريخ، الصهونية- اسرائيل
Entry Topical Term
001 - CONTROL NUMBER
- control field: 16459
003 - CONTROL NUMBER IDENTIFIER
- control field: JO-AjAnu
005 - DATE AND TIME OF LATEST TRANSACTION
- control field: 20230606072926.0
008 - FIXED-LENGTH DATA ELEMENTS
- fixed length control field: 230606|| aca||aabn | a|a d
040 ## - CATALOGING SOURCE
- Original cataloging agency: JO-AjAnu
- Transcribing agency: JO-AjAnu
150 ## - HEADING--TOPICAL TERM
- Topical term or geographic name entry element: فلسطين- تاريخ، الصهونية- اسرائيل
670 ## - SOURCE DATA FOUND
- Source citation: Work cat.: (JO-AjAnu)8453: تاليف واعداد ابراهيم، بيسم منسي, author 16458, اسرائيل : مؤتمر مدريد للسلام: قيام الدولة الفسطينية والاتفاقيات : الانتفاضة وخارظة الطريق، الجزء الثالث